Židovský stát od pohoršení k požehnání pro svět /

Hlavní autor: Lieth, Norbert, 1955-
Jazyk: Čeština
Vydáno: Ostrava : A-ALEF, 1998
Vydání: 1. vyd.
Témata:
Externí odkaz: Digitalizovaný dokument
Fyzický popis: 92 s. ; 21 cm
Knihy
Uloženo v:
LEADER 01627nam a2200457 a 4500
001 000306430
003 CZ BrMZK
005 20210308221508.0
007 ta
008 980115s1998 xr e 0 cze d
015 |a cnb000327141 
020 |a 80-85237-60-1 
035 |a (OCoLC)76013396 
040 |a BOA001  |b cze 
043 |a a-is--- 
072 7 |a 27  |x Křesťanství. Křesťanská církev všeobecně. Eklesiologie  |2 Konspekt  |9 5 
080 |a 94(=411.16)  |2 MRF 
080 |a 27-72  |2 MRF 
080 |a 27-67:26  |2 MRF 
080 |a 2-231  |2 MRF 
080 |a 94(569.4)  |2 MRF 
080 |a (049)  |2 MRF 
100 1 |a Lieth, Norbert,  |d 1955-  |7 jn20020909006  |4 aut 
245 1 0 |a Židovský stát od pohoršení k požehnání pro svět /  |c Norbert Lieth 
250 |a 1. vyd. 
260 |a Ostrava :  |b A-ALEF,  |c 1998 
300 |a 92 s. ;  |c 21 cm 
500 |a Bibliogr. 
500 |a Dostupné též v digitální podobě v aplikaci Kramerius 
600 0 7 |a Ježíš Kristus  |7 ola2002103454  |2 czenas 
630 0 7 |a Bible  |7 unn2006374667  |2 czenas 
650 0 7 |a dějiny Židů  |7 ph489410  |2 czenas 
650 0 7 |a církev  |7 ph114280  |2 czenas 
650 0 7 |a křesťanství a judaismus  |7 ph115077  |2 czenas 
650 0 7 |a biblické citáty  |7 ph118853  |2 czenas 
651 7 |a Izrael  |7 ge129403  |x dějiny  |2 czenas 
655 7 |a pojednání  |7 fd133056  |2 czenas 
856 4 1 |u http://www.digitalniknihovna.cz/mzk/uuid/uuid:689e0250-6dfb-11f0-a9fa-005056827e52  |y Digitalizovaný dokument  |x NDK 
910 |a BOA001  |b 2-1043.977 
990 |a BK 
996 6 |b 2610069002  |c 2-1043.977  |l MZK  |r Sklad / do 1 hodiny  |n 12  |p p.v.  |w 000306430  |u 000010  |a 1  |e BOA001  |j MZK50  |s P